Responses for show #7473 - Wednesday, February 22, 2017

2017 College Championship semifinal game 3.

Contestants

Mari Hanley, a junior at Stetson University from Lighthouse Point, Florida

Netanel Paley, a senior at Yeshiva University from Teaneck, New Jersey

Gary Tse, a freshman at the United States Naval Academy from Ellicott City, Maryland

Jeopardy! Round responses

ESSAY TEST
FINANCIAL LITERACY
WHAT'S THAT SONG?
MIDDLE I
(Alex: The letter I will come in exactly the middle of each correct response.)
ON TO GRAD SCHOOL
I'M WITH HER
    $200 1
Darwin

Gary
    $200 11
interest

Gary
    $200 6
"Photograph"

Netanel
    $200 15
fib

Netanel
    $200 24
psychology

Gary
    $200 19
Orpheus

Mari
    $400 2
A Room of One's Own

Gary
    $400 12
a deductible

Mari
    $400 7
"No"

Mari
    $400 30
a whisk

Netanel
    $400 25
MIT

Mari
    $400 20
Albert

Mari
    $600 3
the Federalist Papers

Gary
    $600 13
a bubble

Triple Stumper
    $600 8
"Stitches"

Gary
    $600 16
a revival

Triple Stumper
    $600 26
Wharton

Gary
    $600 21
Tristan

Mari
    $800 4
(Mari: Who is, um, Walden? Oh, no. No, not--never mind. Oh. Sorry. Yes.)
...
(Alex: You were thinking of Walden, I know, Mari.)

(Ralph Waldo) Emerson

GaryMari
    $800 14
vested

Triple Stumper
    $800 9
"Shut Up And Dance With Me"

Netanel
    $800 17
intuition

Mari
    $800 27
Cornell

Mari
    $800 22
Mandela

Gary
    $1000 5
Sisyphus

Netanel
    $5 29
(Gary: Uh, what is--who are Glass and Steagall?)

Barney Frank & Christopher Dodd

Gary
    $1000 10
(Mari: [Singsong voice] What is a [*]?)
(Alex: [Singsong voice] You are right.)
[Laughter]
(Alex: [Singsong voice] Go again.)

"Cheerleader"

Mari
    $1000 18
reprimand

Triple Stumper
    $1000 28
the Humanities

Gary
    $1000 23
John Rolfe

Mari

Scores at the first commercial break (after clue 15):

Gary Netanel Mari
$2,800 $2,200 $1,000

Scores at the end of the Jeopardy! Round:

Gary Netanel Mari
$5,395 $2,600 $5,200

Double Jeopardy! Round responses

"S.A." TEST
LEONARDO DiCAPRIO MOVIES
HOLIDAYS & OBSERVANCES
ELEMENT-IUM
POETS & POETRY
ALL ABOOT CANADIAN GEOGRAPHY
    $400 20
(Mari: What is your smoke detector?)

smoke alarm

Mari
Triple Stumper
    $400 30
Hoover

Gary
    $400 15
the Constitution

Gary
    $400 28
helium

Netanel
    $400 10
Robert Frost

Netanel
    $400 4
Toronto

Netanel
    $800 29
the Space Age

Mari
    $800 19
The Revenant

Gary
    $800 14
April Fools' Day

Mari
    $800 27
uranium

Gary
    $800 9
(William Butler) Yeats

Gary
    $800 3
British Columbia

Gary
    $1200 23
(Mari: What is, uh, shalom...)

shalom alechem

NetanelMari
    $1200 18
The Wolf of Wall Street

Netanel
    $1200 11
Ash Wednesday (first day of Lent)

Mari
    $6,000 24
calcium

Netanel
    $1200 6
(Langston) Hughes

Gary
    $1200 2
the Hudson Bay

Netanel
    $1600 21
a sea anemone

Netanel
    $1600 16
The Departed

Gary
    $1600 12
Florence Nightingale

Mari
    $1600 25
lithium

Gary
    $1600 7
the red wheelbarrow

Gary
    $1600 1
the St. Lawrence

Gary
    $2000 22
Salvador Allende

Gary
    $2000 17
The Man in the Iron Mask

Mari
    $5,000 13
Bunker Hill Day

Mari
    $2000 26
potassium

Gary
    $2000 8
(John) Milton

Gary
    $2000 5
(Alex: Highest mountain in Canada, [*].)

Mount Logan

Triple Stumper

Scores at the end of the Double Jeopardy! Round:

Gary Netanel Mari
$22,995 $15,000 $15,000

[wagering suggestions for these scores]

Final Jeopardy! Round responses

PRESIDENTIAL CAMPAIGN YEARS
(Alex: You're left with $15,989, and you're gonna be a finalist. Congratulations, young man. Way to go!)
(Gary: Thank you.)
(Alex: All right. Well played. Freshman, folks. And here are his two opponents for the finals, starting tomorrow.)
(Viraj: Viraj Mehta, Stanford.)
(Lilly: Lilly Chin, MIT.)
MariWhat is 1816?
$10,000
NetanelWhat is 1876?
$15,000
GaryWhat is 1876?
$7,006
1864

Final scores:

Gary Netanel Mari
$15,989 $0 $5,000
Finalist 3rd place: $10,000 2nd place: $10,000

Game dynamics:

Coryat scores:

Gary Netanel Mari
$23,000 $10,200 $12,000
24 R,
1 W
(including 1 DD)
13 R
(including 1 DD),
0 W
16 R
(including 1 DD),
3 W

Combined Coryat: $45,200

The J! Archive is created by fans, for fans. The Jeopardy! game show and all elements thereof, including but not limited to copyright and trademark thereto, are the property of Jeopardy Productions, Inc. and are protected under law. This website is not affiliated with, sponsored by, or operated by Jeopardy Productions, Inc. Join the discussion at JBoard.tv.